• 首页
  • 本馆介绍
  • 公告通知
  • 最新文献
  • 馆藏检索
  • 电子资源
  • 读者导购
  • 参考咨询
  • 我的图书馆
  • 登录
  • 详细信息显示
  • 放入我的书架
  • 预约/预借图书
  • 作者相关作品
  • 分类相关作品
  • 丛书相关作品
  • 出版社相关作品

书目信息

  • 表格格式
  • 工作单格式
  • 卡片格式
题名:
灵魂摆渡人
    
 
作者: 朱佳 著
分册:  
出版信息: 上海   文汇出版社  2016
页数: 244页
开本: 23cm
丛书名:
单 册:
中图分类: B849.1
科图分类:
主题词: 心理咨询
电子资源:
ISBN: 978-7-5496-1870-5
000 00997nam0 2200241 450
001 1699
005 20180522140659.40
010    @a978-7-5496-1870-5@dCNY35.00
100    @a20161213d2016 em y0chiy50 ea
101 0  @achi
102    @aCN@b310000
105    @ay z 000yy
200 1  @a灵魂摆渡人@9ling hun bai du ren@e重口味心理咨询实录@f朱佳著
210    @a上海@c文汇出版社@d2016
215    @a244页@d23cm
314    @a朱佳 (1976-),智商150。职业心理咨询师,心理督导师,“豁然心理咨询中心”首席咨询师。曾出版《心迹》《一年》等畅销书,接受中央人民广播电台、《扬子晚报》等多家知名媒体专访,公众关注度极高。
330    @a本书共五章,主要内容有:一半是火焰,一半是海水;一半是孩子,一半是成人;一半似水流年,一半此间少年;一半是男人,一半是女人;一半在尘世,一半在心怀。
517 1  @a重口味心理咨询实录@9zhong kou wei xin li zi xun shi lu
606 0  @a心理咨询
690    @aB849.1@v5
701  0 @a朱佳@9zhu jia@f(1976-)@4著
801  0 @aCN@b91MARC@c20161213
905    @aMuseLib@dB849.1@e2237
    
    灵魂摆渡人:重口味心理咨询实录/朱佳著.-上海:文汇出版社,2016
    244页;23cm
    
    
    ISBN 978-7-5496-1870-5:CNY35.00
    本书共五章,主要内容有:一半是火焰,一半是海水;一半是孩子,一半是成人;一半似水流年,一半此间少年;一半是男人,一半是女人;一半在尘世,一半在心怀。
●
相关链接 在E读中查询图书 在五车中查询图书 在当当中查询图书 在豆瓣中查询图书


正题名:灵魂摆渡人     索取号:B849.1/2237         预约/预借

序号 登录号 条形码 馆藏地/架位号 状态 备注
1 1106073   211060732   第一样本阅览室/ [索取号:B849.1/2237] 在馆    
2 1106074   211060741   教育系资料室/ [索取号:B849.1/2237] 在馆    
3 1106075   211060750   教育系资料室/ [索取号:B849.1/2237] 在馆    
4 1106076   211060769   教育系资料室/ [索取号:B849.1/2237] 在馆    
5 1106077   211060778   第一借阅区/ [索取号:B849.1/2237] 在馆    
6 1106078   211060787   第一借阅区/ [索取号:B849.1/2237] 在馆    
唐山师范学院图书馆 欢迎您!
大连网信软件有限公司© 版权所有